000 01126nam a22003617a 4500
003 CHAP
005 20220329143733.0
008 110511s1980 ag r 00010 spa d
010 _a101157
011 _a102129
035 _a112817
040 _cCHAP
082 0 4 _a615.532
_bV33
100 1 _aVannier, Pierre
_9117892
245 1 3 _aLa homeopatía
_c/por Pierre Vannier
260 _aBuenos Aires :
_bEl Ateneo,
_c1980
300 _a139 p.
490 _aSepa usted
534 _pTít. original
_t"L"homéopathie"
_cPresses Universitaires de Francia
590 _aBATCH-UPD
_b10
_c20130110
_lUCH01
_h0914
590 _aBATCH-UPD
_b10
_c20130410
_lUCH01
_h0538
590 _aBATCH-UPD
_b10
_c20130914
_lUCH01
_h1352
590 _aCONVERSION
_b10
_c20130109
_lUCH01
_h1356
650 1 4 _aFarmacopea.
_939766
650 1 4 _aHomeopatia.
_956056
650 1 4 _aMateria médica.
_972929
650 1 4 _aMedicina alternativa.
_973914
650 1 4 _aTerapéutica fisiológica.
_9112346
830 _aSepa usted
_9104455
901 _aBK
942 _cLIBRO
949 _a615.532 V33
_bBC
_cLIBRO
_d33724002254545
_eLIBRO
_h114895
_i112817
_si
999 _c101157
_d101157